Statistics for Major Kirby Characters

Click here to take the quiz!

General Stats

  • This quiz has been taken 27 times
  • The average score is 34 of 86

Answer Stats

HintAnswer% Correct
Dream LandKirby
100%
Amazing MirrorShadow Kirby
100%
Amazing MirrorDark Meta Knight
94%
Dream LandKing Dedede
94%
AdventureMeta Knight
94%
Super Star UltraBandana Waddle Dee
81%
Forgotten LandCommentator Waddle Dee
75%
Dream Land 2Dark Matter Swordsman
69%
AdventureNightmare
69%
Super StarSailor Waddle Dee
69%
Forgotten LandCafe-Staff Waddle Dee
63%
Super StarMarx
63%
Forgotten LandWise Waddle Dee
63%
Dream Land 2Coo
56%
Forgotten LandDelivery Waddle Dee
56%
Forgotten LandElfilin
56%
Forgotten LandGame-Shop Waddle Dee
56%
Dream Land 2Kine
56%
Return to Dream LandMagolor
56%
Dream Land 2Rick
56%
Forgotten LandTrader Waddle Dee
56%
Forgotten LandUsher Waddle Dee
56%
Forgotten LandWeapons Shop Waddle Dee
56%
Dream Land 3 & 64Adeleine
50%
Squeak SquadDaroach
50%
Star AlliesHyness
50%
Forgotten LandLeongar
50%
Star AlliesMorpho Knight
50%
64 TCSRibbon
50%
Triple DeluxeSectonia
50%
Planet RobobotSusie
50%
Triple DeluxeTaranza
50%
Star AlliesVoid Termina
50%
Dream Land 3Zero
50%
Super Star UltraGalacta Knight
44%
Dream Land 2 & 3Gooey
44%
Return to Dream LandLandia
44%
Star Stacker (Famicom)Mr. Star
44%
Planet RobobotPresident Haltmann
44%
Planet RobobotStar Dream
44%
Epic YarnYin-Yarn
44%
Forgotten LandClawroline
38%
Amazing MirrorDark Mind
38%
Forgotten LandFecto Forgo (or Fecto Elfilis)
38%
Star AlliesFlamberge
38%
Star AlliesFrancisca
38%
Epic YarnPrince Fluff
38%
Forgotten LandSillydillo
38%
Star AlliesZan Partizanne
38%
Dream Land 3ChuChu
31%
64 TCSFairy Queen
31%
Forgotten LandGorimondo
31%
Mass AttackNecrodeus
31%
Dream Land 3Pitch
31%
Super StarAxe Knight
25%
Rainbow CurseClaycia
25%
Rainbow CurseDark Crafter
25%
Squeak SquadDark Nebula
25%
Squeak SquadDoc
25%
Canvas CurseDrawcia
25%
Super StarDyna Blade
25%
Rainbow CurseElline
25%
Super StarGalactic Nova
25%
Super StarMace Knight
25%
Dream Land 3Nago
25%
64 TCSZero Two
25%
Epic YarnDom Woole
19%
Star Stacker (Famicom)Gryll
19%
Triple DeluxePeople of the Sky
19%
Squeak SquadSpinni
19%
Squeak SquadStoro
19%
Super StarCaptain Vul
13%
Epic YarnChaise Woole
13%
Super StarJavelin Knight
13%
Epic YarnLoomis Woole
13%
Epic YarnMara
13%
Super StarTrident Knight
13%
Epic YarnAngie
6%
Epic YarnBeadrix
6%
Epic YarnBuster
6%
Epic YarnCarrie
6%
Star Stacker (Famicom)Pepper
6%
Star Stacker (Famicom)Salt
6%
Star Stacker (Famicom)Sugar
6%
Forgotten LandThe Deedly Dees
6%
Epic YarnZeke
6%

Score Distribution

Percentile by Number Answered

Percent of People with Each Score

Your Score History

You have not taken this quiz